000 01446cam a22003857a 4500
003 CHAP
005 20220817042647.0
008 971013s1984 r 00010 d
010 _a51389
011 _a52361
035 _a56511
040 _cCHAP
090 _aFolleto 10100
100 0 0 _aRojas González, Arturo Ubaldo.
_999310
245 1 0 _aFertilización del plátano "Valery" en la Sierra de Tabasco
_c/por Arturo Ubaldo Rojas González
260 _aTeapa, Tab. :
_bINIA. Campo Agrícola Experimental Auxiliar Teapa,
_c1984,
300 _aHoja despleglable
410 2 1 _aINIA. Campo Agrícola Experimental Auxiliar Teapa
490 0 _aDesplegable para productores
_v; 1
590 _aBATCH-UPD
_b10
_c20130110
_lUCH01
_h0133
590 _aBATCH-UPD
_b10
_c20130110
_lUCH01
_h0708
590 _aBATCH-UPD
_b10
_c20130110
_lUCH01
_h2357
590 _aBATCH-UPD
_b10
_c20130409
_lUCH01
_h2130
590 _aBATCH-UPD
_b10
_c20130410
_lUCH01
_h1107
590 _aBATCH-UPD
_b10
_c20130914
_lUCH01
_h1404
590 _aCONVERSION
_b10
_c20130109
_lUCH01
_h1328
650 1 4 _aFertilizantes para plátano.
_940635
650 1 4 _aPlátano
_xTabasco.
_989270
810 0 0 _aINIA. Campo Agrícola Experimental Auxiliar Teapa
_958428
830 0 _aDesplegable para productores
_v; 1
901 _aBK
942 _cFOLL
949 _aFolleto 10100
_bBC
_cFOLL
_d565111
_eTS1
_i56511
_si
949 _afolleto 10100
_bBC
_cFOLL
_d565112
_eTS2
_fc.2
_gI. c/e
_i56511
_sb
999 _c51389
_d51389